| 000 | 00884cam a22002295a 4500 | ||
|---|---|---|---|
| 003 | OSt | ||
| 005 | 20150823140926.0 | ||
| 008 | 090818s1986 ua frb||| 000 0 ara d | ||
| 040 |
_a EG-ScBUE _bara _d EG-ScBUE |
||
| 082 | 0 | 4 |
_a297.65 _bم ح م _222 |
| 100 | 1 | _aمحمد،محمد كمال السيد | |
| 245 | 1 | 2 |
_aالازهر جامعا وجامعة ،او، _bمصر فى الف عام/ _cمحمد كمال السيد محمد |
| 260 |
_aالقاهرة: _bالهيئة العامة لشئون المطابع الاميرية، _c1986. |
||
| 300 | 3 |
_a399 ص: _c26سم |
|
| 490 | _aسلسلة البحوث الاسلامية | ||
| 504 | _aيشتمل على ارجاعات ببليوجرافية | ||
| 590 | _areham yahia doaa mohamed | ||
| 650 |
_98520 _aالازهر - جامع _2BUEsh |
||
| 651 | _2BUEsh | ||
| 653 |
_cAugust2015 _bARALIT |
||
| 942 |
_2ddc _cBB _k297.65 م ح م |
||
| 999 |
_c12638 _d12638 |
||